| 000 | 00544nam a2200205Ia 4500 | ||
|---|---|---|---|
| 008 | 160517s9999 xx 000 0 und d | ||
| 020 | _a81-7648-649-3 | ||
| 050 | _aComSc HF 5548.2 | ||
| 050 | _b.R43 2004 | ||
| 100 | _aReddy, Jayaprakash R. | ||
| 245 | _aBusiness data processing and computer applications / | ||
| 245 | _cJayaprakash Reddy R. | ||
| 260 | _aNew Delhi : | ||
| 260 | _bA.P.H Pub. Corp., | ||
| 260 | _c2004 | ||
| 300 | _a129 pages : | ||
| 300 | _bill. ; | ||
| 300 | _c22 cm. | ||
| 650 | _aBusiness -- Data processing. | ||
| 999 |
_c294113 _d294113 |
||